000 01390nam a22002777a 4500
001 1478
005 20231002104424.0
020 _a9789995054625
040 _aFISKH
_beng
_cFISKH
_dFISKH
082 _a635.9
100 _aSokha, Pean
245 _aការដាំល្ហុង /
250 _aបោះពុម្ពលើកទី ៦ កក្កដា ២០២២
260 _aPhnom Penh :
_bSipar,
_c2021.
300 _a36 pages :
_bcolor illustrations ;
_c29 cm
490 _aបំណិនជីវិត
505 _aZ'
520 _aបង្ហាញអំពីរបៀបរៀបចំដី ការបណ្ដុះកូន រហូតដល់ការប្រមូលផល និងមានវិធីចម្អិនត្រសក់ដើម្បីធ្វើម្ហូប សាមញ្ញៗសម្រាប់បរិភោគក្នុងគ្រួសារ។
520 _aDemonstrate how to prepare the soil, grow a small papaya until harvest and how to cook papya to make simple dishes for family consumption.
521 _a1120
_bLexile estimate
521 _aZ'
_bRaz-Plus
650 _aរៀបចំដី
_vបណ្ដុះកូន
_xប្រមូលផល
650 _aPrepare a soil
_vGrow a small vegetable
_xHarvest
700 _aSophaleap, Nhoek
_cillustrator
942 _2ddc
_cBK
_n0
999 _c1478
_d1478